000 00886nam a2200229Ia 4500
003 OSt
005 20220923220837.0
006 a|||||r|||| 00| 0
007 ta
008 220922b |||||||| |||| 00| 0 hin d
024 _a191,228
037 _cTextual
040 _aARTS
_cARTS
_bhin
041 _2hin
_ahin
082 _aV1:1:N5, 152J1.1
100 _aगुप्ता, रामेश्वर
_9156292
245 0 _aमानव की कहानी, सृष्टि और मानव-विकास का इतिहास5 सृष्टि के आदि से 195 ई तक
246 _aMānav kī kahānī, sṛuṣhṭi aur mānava-vikās kā itihāsa5 sṛuṣhṭi ke ādi se 1950 ī0 taka
260 _c1951
942 _hV1:1:N5, 152J1.1
_cTEXL
_2CC
999 _c343935
_d343935